| 000 | 00501cam a2200157 a 4500 | ||
|---|---|---|---|
| 001 | 2312708 | ||
| 005 | 20231211031010.0 | ||
| 008 | 930415s1979 ii b 000 0 eng | ||
| 040 |
_aDLC _cDLC _dDLC |
||
| 082 | 0 | 0 |
_a305.4/095492 _220 |
| 245 | 0 | 4 |
_aThe Situation of women in Bangladesh / _cedited by Women for Women, Research and Study Group at the request of Women's Development Programme, UNICEF, Dacca. |
| 260 |
_aDacca. _bWomen for Women, _c1979. |
||
| 300 | _a454 p. ; | ||
| 650 | 0 | _aWomen | |
| 942 | _cL | ||
| 999 |
_c171 _d171 |
||